Central Library OPAC University of Rajshahi

বাংলাদেশ-বার্মা সম্পর্ক (১৭৮৫-১৮২৪) / (Record no. 48252)

MARC details
000 -LEADER
fixed length control field 00969nam a2200229 a 4500
001 - CONTROL NUMBER
control field 48252
003 - CONTROL NUMBER IDENTIFIER
rucl marc code BD-RjUL
005 - DATE AND TIME OF LATEST TRANSACTION
control field 20211209054503.0
008 - FIXED-LENGTH DATA ELEMENTS--GENERAL INFORMATION
fixed length control field 160813s1984 bg ||||| |||| 00| e en d
035 ## - SYSTEM CONTROL NUMBER
System control number (BD-RjUL)48371
040 ## - CATALOGING SOURCE
Original cataloging agency BD-RjUL
Language of cataloging ben
Transcribing agency BD-RjUL
Modifying agency BD-RjUL
041 ## - LANGUAGE CODE
Language code of text/sound track or separate title eng
082 ## - DEWEY DECIMAL CLASSIFICATION NUMBER
Edition number 23
Author mark and year CHB 1984
Classification number 327.54920591
100 1# - MAIN ENTRY--PERSONAL NAME
Personal name চক্রবর্তী, রতন লাল
9 (RLIN) 122805
245 10 - TITLE STATEMENT
Title বাংলাদেশ-বার্মা সম্পর্ক (১৭৮৫-১৮২৪) /
Statement of responsibility, etc. রতন লাল চক্রবর্তী
260 ## - PUBLICATION, DISTRIBUTION, ETC. (IMPRINT)
Place of publication, distribution, etc. ঢাকা :
Name of publisher, distributor, etc. ঢাকা বিশ্ববিদ্যালয়,
Date of publication, distribution, etc. ১৯৮৪
300 ## - PHYSICAL DESCRIPTION
Pagination ২৪২ পৃ. ;
Size ২১ সেমি.
500 ## - GENERAL NOTE
General note নির্ঘন্ট সংযুক্ত
650 ## - SUBJECT ADDED ENTRY--TOPICAL TERM
Topical term or geographic name as entry element বিদেশী সম্পর্ক
Geographic subdivision বাংলাদেশ-বার্মা
9 (RLIN) 146140
Topical term or geographic name as entry element Foreign relations
Geographic subdivision Bangladesh-Barma
9 (RLIN) 146141
942 ## - ADDED ENTRY ELEMENTS (KOHA)
Source of classification or shelving scheme Dewey Decimal Classification
Koha item type Books
Holdings
Lost status Source of classification or shelving scheme Damaged status Not for loan Collection code Permanent Location Current Location Shelving location Date acquired Source of acquisition Cost, normal purchase price Total Checkouts Full call number Date last seen Copy number Koha item type
  Dewey Decimal Classification     Non-fiction Central Library, University of Rajshahi Central Library, University of Rajshahi   11/03/1991 Dhaka University 55.00   B 327.54920591 CHB 1984 13/08/2016 C-2 Books
  Dewey Decimal Classification   Not For Loan Non-fiction Central Library, University of Rajshahi Central Library, University of Rajshahi Reading Room 08/10/1987 Dhaka Grontho songhta. 55.00   B 327.54920591 CHB 1984 17/12/2016 C-1 Books